City to continent #1 - Statistics

General Stats
  • This quiz has been taken 51 times
  • The average score is 10 of 15
Answer Stats
City Continent % Correct
Munich Europe
100%
Sacramento North America
82%
Lucknow Asia
76%
Djibouti Africa
73%
Adelaide Oceania
73%
Kampala Africa
64%
Montpellier Europe
64%
Davao city Asia
62%
Curitiba South America
56%
Kunming Asia
53%
Stavanger Europe
53%
Belmopan North America
53%
Port Elizabeth Africa
51%
Diego Garcia Asia
44%
Churchill North America
44%
No matching quizzes found
Score Distribution
Percent of People with Each Score
Percentile by Number Answered
Your Score History
You have not taken this quiz